Missing Word: Tom Cruise (A-Z) Quiz Stats

 Plays Quiz Updated Sep 11, 2017

Challenge
Share
Tweet
Embed
Score 0/20 Timer 02:00
2 Plays Today
Movie Missing Word % Correct
Mission: _____Impossible
98.2%
Top _____Gun
97.9%
A _____ Good MenFew
96.5%
_____ Wide ShutEyes
96.1%
Rain _____Man
95.3%
_____ MaguireJerry
94.5%
War of the _____Worlds
93.8%
Austin _____ in GoldmemberPowers
93.5%
_____ on the Fourth of JulyBorn
93%
Rock of _____Ages
93%
Movie Missing Word % Correct
_____ BusinessRisky
90.6%
Interview with the _____Vampire
88.6%
_____ and DayKnight
87.8%
Tropic _____Thunder
87.7%
_____ of ThunderDays
87.2%
The _____ of MoneyColor
84.6%
The Last _____Samurai
69.3%
Mission: Impossible – Rogue _____Nation
68.7%
Lions for _____Lambs
39.7%
The _____Outsiders
12.3%

Today's Daily Dose

You're not logged in!

Compare scores with friends on all Sporcle quizzes.
OR
Log In

You Might Also Like...

Show Comments

Extras

Top Quizzes Today


Score Distribution

Your Account Isn't Verified!

In order to create a playlist on Sporcle, you need to verify the email address you used during registration. Go to your Sporcle Settings to finish the process.

Report this User

Report this user for behavior that violates our Community Guidelines.

Details: